Biotransformačný potenciál baktérií rodu Acetobacter

Salvato in:
Dettagli Bibliografici
Autore principale: Ursíková, Monika
Natura: Libro
Lingua:slovacco
Pubblicazione: Bratislava STU FCHPT 2012
Accesso online:Visualizza in OPAC
Tags: Aggiungi Tag
Nessun Tag, puoi essere il primo ad aggiungerne!!

MARC

LEADER 00000nam a2200000 a 4500
005 20260127134325.0
008 120906 2012 xo 000 0 slo d
035 |a vtls010446295 
039 9 |y 201209060751  |z mschk03 
040 |a STUSCHK1  |b slo  |c STUSCHK1  |e AACR2 
100 1 |a Ursíková, Monika 
245 1 |a Biotransformačný potenciál baktérií rodu Acetobacter  |c Monika Ursíková 
260 |a Bratislava  |b STU FCHPT  |c 2012 
300 |a 30 s.  |b il.  |c 30 cm 
500 |a Obháj.: 21.8. 2012 
500 |a Študijný program: biotechnológie 
500 |a Študijný odbor: 5.2.25 biotechnológie 
500 |a Bakalárska práca 
500 |a FCHPT, Oddelenie biochemickej technológie 
500 |a Evidenčné číslo: 5419-58297 
910 |a SCHK95 
999 |c 9839  |d 9839